000 00715nam a22002297a 4500
003 GBCCL
005 20250217115652.0
008 250217b |||||||| |||| 00| 0 eng d
020 _a9780805494891
020 _a0805494898
040 _cGBC
082 _a220.3
_bHOL 1
110 _aHolman Bible Publishers (Nashville, Tenn)
245 _aSuper giant print dictionary & concordance of the Holy Bible
260 _aNashville, Tenn.,
_bHolman Bible Publishers,
_c©2006
300 _a[iv], 1308, [8] pages :
_bmaps ;
_c24 cm.
490 _3Holman reference
650 _a Bible
650 _aBible Concordances
_vEnglish Holman Christian Standard
650 _aBible Dictionaries
942 _2ddc
_cREF
_n0
999 _c10638
_d10638